[Event "2016 Battle of Alberta "]
[Site "Red Deer"]
[Date "2016.09.10"]
[Round "2.11"]
[White "Malek, Omid"]
[Black "Briones, Dante"]
[Result "1-0"]
[WhiteElo "2126"]
[BlackElo "1998"]
[PlyCount "75"]
[EventDate "2016.09.10"]
[EventType "team-match"]
[EventRounds "2"]
[EventCountry "CAN"]
[WhiteTeam "South"]
[BlackTeam "North"]

1. e4 e6 2. d4 d5 3. exd5 exd5 4. c4 dxc4 5. Bxc4 Bb4+ 6. Nc3 c6 7. Nge2 Bf5 8.
Bxf7+ Kf8 9. Bb3 Nf6 10. Bf4 h6 11. O-O Bd6 12. Bxd6+ Qxd6 13. Ng3 Bg6 14. Re1
Nbd7 15. Qf3 Re8 16. Nce2 Qb4 17. Rad1 h5 18. Nf5 h4 19. Nc3 Rd8 20. Qf4 Bf7
21. Bxf7 Kxf7 22. Re7+ Kf8 23. Qg5 Nh5 24. Qg6 Qxe7 25. Nxe7 Kxe7 26. Re1+ Kf8
27. Qd6+ Kg8 28. Re7 Nhf6 29. Qe6+ Kh7 30. Qf5+ Kh6 31. f4 Rhg8 32. Qg5+ Kh7
33. Qxh4+ Kg6 34. Qg5+ Kh7 35. f5 Kh8 36. Qh4+ Nh7 37. Ne4 Rge8 38. Nd6 1-0

[Event "2016 Battle of Alberta "]
[Site "Red Deer"]
[Date "2016.09.10"]
[Round "2.12"]
[White "Zeggelaar, Mike"]
[Black "Nguyen, Kim"]
[Result "1/2-1/2"]
[WhiteElo "1994"]
[BlackElo "2103"]
[PlyCount "119"]
[EventDate "2016.09.10"]
[EventType "team-match"]
[EventRounds "2"]
[EventCountry "CAN"]
[WhiteTeam "North"]
[BlackTeam "South"]

1. e4 g6 2. d4 Bg7 3. Nc3 d6 4. f4 a6 5. Nf3 b5 6. a3 Nd7 7. Be3 Bb7 8. Be2
Ngf6 9. Nd2 e5 10. fxe5 dxe5 11. d5 c6 12. dxc6 Bxc6 13. O-O O-O 14. Qe1 Rb8
15. Qg3 a5 16. Bd3 Nh5 17. Qh3 Nf4 18. Bxf4 exf4 19. Rxf4 Ne5 20. Rd1 b4 21.
axb4 axb4 22. Ne2 Nxd3 23. cxd3 Bxb2 24. Nc4 Bg7 25. e5 Bd7 26. Qf3 Be6 27. Qe4
Bxc4 28. Qxc4 Qb6+ 29. Kh1 Bxe5 30. Re4 Qd6 31. g3 Rfc8 32. Qb3 Rc7 33. Rb1
Rcb7 34. Nf4 Rd8 35. Rxb4 Rxb4 36. Qxb4 Bxf4 37. Qxf4 Qxf4 38. gxf4 Rxd3 39.
Kg2 Kg7 40. Rb7 Kf6 41. Ra7 h5 42. h4 Ke6 43. Rb7 f6 44. Rg7 Kf5 45. Rf7 Ra3
46. Rf8 Ra6 47. Kg3 Re6 48. Rf7 Ke4 49. Rg7 Kf5 50. Rf7 Rd6 51. Rf8 Rd7 52. Kf3
Rb7 53. Kg3 Rb4 54. Rf7 Rc4 55. Rf8 Rc6 56. Rf7 Re6 57. Kf3 Re4 58. Rxf6+ Kxf6
59. Kxe4 Ke6 60. Ke3 1/2-1/2

[Event "2016 Alberta Open"]
[Site "Calgary"]
[Date "2016.10.08"]
[Round "1.1"]
[White "Yam, Alex"]
[Black "Dave, Bhavik"]
[Result "1-0"]
[WhiteElo "2378"]
[BlackElo "1840"]
[PlyCount "113"]
[EventDate "2016.10.08"]
[EventType "swiss"]
[EventRounds "6"]
[EventCountry "CAN"]

1. e4 e5 2. Nf3 Nc6 3. Bb5 a6 4. Ba4 Nf6 5. O-O b5 6. Bb3 Be7 7. Qe2 O-O 8. Rd1
d6 9. a4 Rb8 10. axb5 axb5 11. Nc3 b4 12. Nb5 Bd7 13. Bc4 Qc8 14. c3 Nd8 15.
cxb4 Bxb5 16. Bxb5 Qb7 17. Bd3 Ne6 18. Bc2 Qxb4 19. d4 exd4 20. Ra4 Qb5 21.
Qxb5 Rxb5 22. Nxd4 Nxd4 23. Rdxd4 Nd7 24. Bd3 Rb7 25. Ba6 Rb6 26. Rdb4 Ra8 27.
Rxb6 Nxb6 28. Ra5 Bf6 29. Ra2 Nd7 30. b4 Bc3 31. b5 Nc5 32. Be3 Nxe4 33. Rc2
Re8 34. f3 Nf6 35. Rxc3 Nd5 36. Bd4 Nxc3 37. Bxc3 Kf8 38. Kf2 Ke7 39. Ke2 f6
40. Kd3 Rb8 41. Kc4 Kd7 42. Kd5 Rf8 43. Bb7 Rf7 44. Bc6+ Kd8 45. Kc4 Re7 46.
Be4 Kc8 47. g4 h6 48. Kd5 Kb7 49. Bd4 Re8 50. h3 Re7 51. h4 Re8 52. f4 Kc8 53.
Bf5+ Kd8 54. Be6 Ke7 55. f5 Rb8 56. Kc6 Kd8 57. Ba7 1-0

[Event "2016 Alberta Open"]
[Site "Calgary"]
[Date "2016.10.08"]
[Round "1.2"]
[White "Rogers, Dustin"]
[Black "Valencia, Belsar"]
[Result "0-1"]
[WhiteElo "1795"]
[BlackElo "2350"]
[PlyCount "126"]
[EventDate "2016.10.08"]
[EventType "swiss"]
[EventRounds "6"]
[EventCountry "CAN"]

1. e4 c5 2. Nf3 e6 3. d4 cxd4 4. Nxd4 a6 5. Bd3 Bc5 6. Nb3 Be7 7. Be3 Nc6 8. a4
b6 9. N1d2 Rb8 10. c3 Ne5 11. Be2 d6 12. f4 Nd7 13. Nd4 Bb7 14. Bh5 g6 15. Bf3
e5 16. Ne2 Ngf6 17. Qc2 O-O 18. O-O Qc7 19. f5 gxf5 20. exf5 d5 21. Ng3 Bc5 22.
Bxc5 Qxc5+ 23. Kh1 Kh8 24. Rad1 Rfe8 25. b4 Qc7 26. Qb2 a5 27. Nb3 Bc6 28. b5
Bb7 29. Qd2 Qc4 30. Rb1 Qxa4 31. Qh6 Qa3 32. Nh5 Qf8 33. Qg5 Nxh5 34. Bxh5 Qg7
35. Qh4 Nf6 36. Rf3 Qh6 37. Kg1 Nxh5 38. g4 Rg8 39. Kf1 Qg5 40. Qxh5 Qxg4 41.
Qxg4 Rxg4 42. Rf2 f6 43. Ke2 Rc8 44. Rc1 Rgc4 45. Rf3 d4 46. Rd3 a4 47. Nd2
Rxc3 48. Rdxc3 dxc3 49. Nf1 Bd5 50. Ne3 Bc4+ 51. Nxc4 Rxc4 52. Kd3 Rc5 53. Kc2
Rxb5 54. Ra1 Rb2+ 55. Kxc3 Rxh2 56. Rxa4 Rf2 57. Rb4 Rxf5 58. Rxb6 Kg7 59. Kd3
Rf4 60. Ke3 h5 61. Rb1 Kg6 62. Rg1+ Kf5 63. Rh1 h4 0-1

[Event "2016 Alberta Open"]
[Site "Calgary"]
[Date "2016.10.08"]
[Round "1.3"]
[White "Pechenkin, Vladimir"]
[Black "Timmerman, Brian"]
[Result "1-0"]
[WhiteElo "2339"]
[BlackElo "1717"]
[PlyCount "55"]
[EventDate "2016.10.08"]
[EventType "swiss"]
[EventRounds "6"]
[EventCountry "CAN"]

1. c4 Nf6 2. g3 g6 3. Bg2 Bg7 4. Nc3 O-O 5. d3 d6 6. e4 c5 7. Nge2 Nc6 8. O-O
a6 9. h3 Rb8 10. a4 Nd4 11. Nxd4 cxd4 12. Ne2 Nd7 13. f4 b5 14. cxb5 axb5 15.
b4 bxa4 16. Rxa4 Nb6 17. Ra5 Bd7 18. f5 e5 19. g4 Ra8 20. Rxa8 Qxa8 21. f6 Bh8
22. Ng3 Qd8 23. Qf3 Re8 24. h4 Re6 25. g5 h6 26. h5 hxg5 27. Bxg5 gxh5 28. Nxh5
1-0

[Event "2016 Alberta Open"]
[Site "Calgary"]
[Date "2016.10.08"]
[Round "1.5"]
[White "Kazmaier, Daniel"]
[Black "Zhao, Ian"]
[Result "1-0"]
[WhiteElo "2286"]
[BlackElo "1698"]
[PlyCount "93"]
[EventDate "2016.10.08"]
[EventType "swiss"]
[EventRounds "6"]
[EventCountry "CAN"]

1. d4 Nf6 2. Bg5 g6 3. Bxf6 exf6 4. c4 Bg7 5. Nc3 O-O 6. e3 d6 7. Nge2 c6 8. g3
Bg4 9. Bg2 Na6 10. h3 Bd7 11. O-O Nc7 12. d5 c5 13. Ne4 Ne8 14. Rb1 f5 15. N4c3
Nf6 16. b4 b6 17. bxc5 bxc5 18. Kh2 g5 19. Nb5 Qe7 20. Nc7 Rab8 21. Na6 Rxb1
22. Qxb1 Bc8 23. Nb8 Ne4 24. Nc6 Qd7 25. Qc2 Re8 26. Kg1 a6 27. Nb8 Qa7 28. Qa4
Kf8 29. Rb1 Be5 30. Qc2 Bg7 31. Nc6 Qd7 32. Rb8 Bb7 33. Rxe8+ Qxe8 34. g4 Bc8
35. Bxe4 fxe4 36. Ng3 h6 37. Nxe4 Be5 38. Nd2 Kg7 39. Qe4 Bd7 40. Nxe5 dxe5 41.
Nb3 Qe7 42. f4 f6 43. fxe5 fxe5 44. Nd2 Bc8 45. Nf3 Kf6 46. Kf2 Bb7 47. Qf5+
1-0

[Event "2016 Alberta Open"]
[Site "Calgary"]
[Date "2016.10.08"]
[Round "1.6"]
[White "Ali, Husain"]
[Black "Gardner, Robert"]
[Result "0-1"]
[WhiteElo "1671"]
[BlackElo "2264"]
[PlyCount "94"]
[EventDate "2016.10.08"]
[EventType "swiss"]
[EventRounds "6"]
[EventCountry "CAN"]

1. d4 Nf6 2. c4 e6 3. Bg5 h6 4. Bh4 c5 5. Bxf6 Qxf6 6. e3 Nc6 7. Nf3 cxd4 8.
exd4 Bb4+ 9. Nc3 O-O 10. Rc1 e5 11. d5 Nd4 12. Be2 Nxe2 13. Qxe2 d6 14. Nd2 Qg6
15. O-O Bf5 16. Qf3 Rac8 17. a3 Ba5 18. b4 Bd8 19. Nce4 Bg4 20. Qg3 f5 21. h3
fxe4 22. Qxg4 Qxg4 23. hxg4 Bg5 24. Rfd1 e3 25. fxe3 Bxe3+ 26. Kh1 Rf4 27. Rc3
Bxd2 28. Rxd2 Rcxc4 29. Rg3 Kf7 30. Rf3 Ke7 31. g5 Rxf3 32. gxf3 hxg5 33. Kh2
g4 34. fxg4 Rxg4 35. Rc2 Kd7 36. Rf2 Rd4 37. Rf7+ Kc8 38. Rf8+ Kc7 39. Rf7+ Kb6
40. Rxg7 Rxd5 41. a4 a6 42. Rg1 Rd4 43. Rb1 d5 44. Kg3 Kc6 45. Kf3 Kd6 46. a5
e4+ 47. Ke2 Kc6 0-1

[Event "2016 Alberta Open"]
[Site "Calgary"]
[Date "2016.10.08"]
[Round "1.7"]
[White "Findlay, Ian"]
[Black "Robertson, Trevor"]
[Result "1-0"]
[WhiteElo "2254"]
[BlackElo "1650"]
[PlyCount "37"]
[EventDate "2016.10.08"]
[EventType "swiss"]
[EventRounds "6"]
[EventCountry "CAN"]

1. e4 e6 2. d4 d5 3. Nd2 c5 4. exd5 exd5 5. Ngf3 Nc6 6. Bb5 Be6 7. O-O Qc7 8.
Re1 Be7 9. dxc5 a6 10. Bxc6+ Qxc6 11. Nb3 Bxc5 12. Nfd4 Bxd4 13. Nxd4 Qd6 14.
Qg4 Kd7 15. Qxg7 Ne7 16. Bg5 Rhg8 17. Bxe7 Rxg7 18. Bxd6 Bh3 19. Bg3 1-0

[Event "2016 Alberta Open"]
[Site "Calgary"]
[Date "2016.10.08"]
[Round "1.8"]
[White "Wei, Daniel"]
[Black "Booker, Brad"]
[Result "0-1"]
[WhiteElo "1556"]
[BlackElo "2221"]
[PlyCount "66"]
[EventDate "2016.10.08"]
[EventType "swiss"]
[EventRounds "6"]
[EventCountry "CAN"]

1. e4 c6 2. d4 d5 3. Nc3 dxe4 4. Nxe4 Nf6 5. Nxf6+ exf6 6. h3 Bd6 7. Nf3 O-O 8.
Bd3 Re8+ 9. Be3 Bf4 10. Qd2 Qe7 11. O-O-O Bxe3 12. fxe3 Qxe3 13. Qxe3 Rxe3 14.
Rde1 Rxe1+ 15. Rxe1 Kf8 16. Bc4 Nd7 17. Bb3 Nb6 18. g4 Bd7 19. Kd2 Re8 20. Rf1
a5 21. Ne5 Be6 22. Bxe6 Rxe6 23. Nd3 Nc4+ 24. Kc3 Ne3 25. Rc1 b5 26. Rg1 Nd5+
27. Kd2 Re4 28. c3 g6 29. a4 Ne3 30. Nc5 Nc4+ 31. Kc1 Re2 32. axb5 cxb5 33. b3
Ne3 0-1

[Event "2016 Alberta Open"]
[Site "Calgary"]
[Date "2016.10.08"]
[Round "1.9"]
[White "Malek, Omid"]
[Black "Viminitz, Paul"]
[Result "1-0"]
[WhiteElo "2131"]
[BlackElo "1547"]
[PlyCount "23"]
[EventDate "2016.10.08"]
[EventType "swiss"]
[EventRounds "6"]
[EventCountry "CAN"]

1. d4 Nf6 2. Bg5 e6 3. e4 Be7 4. e5 Nd5 5. Bxe7 Nxe7 6. Nf3 b6 7. Nc3 Bb7 8.
Bd3 Nbc6 9. Qd2 d6 10. O-O-O Qd7 11. Qf4 O-O 12. Bxh7+ 1-0

[Event "2016 Alberta Open"]
[Site "Calgary"]
[Date "2016.10.08"]
[Round "1.13"]
[White "Daniluk, Jim"]
[Black "Chen, Andrew"]
[Result "1-0"]
[WhiteElo "1986"]
[BlackElo "1387"]
[PlyCount "85"]
[EventDate "2016.10.08"]
[EventType "swiss"]
[EventRounds "6"]
[EventCountry "CAN"]

1. d4 d5 2. Nf3 Nf6 3. c4 e6 4. g3 c6 5. Qc2 Nbd7 6. Bg2 Bd6 7. Nbd2 b6 8. O-O
O-O 9. Rd1 Ba6 10. e4 Be7 11. e5 Ne8 12. cxd5 cxd5 13. Nf1 Qc8 14. Qb1 g6 15.
Bh6 Ng7 16. Rd2 Qb7 17. b4 Bc4 18. Ne3 b5 19. h4 Rfc8 20. Rb2 Nb6 21. Nd2 Na4
22. Rc2 Rc6 23. Ndxc4 bxc4 24. b5 Rcc8 25. Rxc4 Rxc4 26. Nxc4 Nc3 27. Qb2 Qxb5
28. Qxc3 Rc8 29. Nd6 Rxc3 30. Nxb5 Rc4 31. Bxg7 Kxg7 32. Nxa7 Rxd4 33. Nc6 Rc4
34. Nxe7 Rc7 35. Nxd5 exd5 36. Bxd5 Rc5 37. Bf3 Rxe5 38. a4 Ra5 39. Bc6 h6 40.
Bb5 g5 41. hxg5 hxg5 42. Rc1 Kf8 43. Rc6 1-0

[Event "2016 Alberta Open"]
[Site "Calgary"]
[Date "2016.10.08"]
[Round "1.14"]
[White "Sharma, Vishruth"]
[Black "Razzaq, Ali"]
[Result "0-1"]
[WhiteElo "1275"]
[BlackElo "1943"]
[PlyCount "76"]
[EventDate "2016.10.08"]
[EventType "swiss"]
[EventRounds "6"]
[EventCountry "CAN"]

1. e4 c6 2. d4 d5 3. e5 c5 4. Be3 Nc6 5. Nf3 Bg4 6. Bb5 e6 7. Nbd2 Qb6 8. Bxc6+
bxc6 9. Rb1 cxd4 10. Bxd4 c5 11. Be3 Ne7 12. b4 Nc6 13. bxc5 Qa5 14. O-O Nxe5
15. Nb3 Qc7 16. Bf4 Bxf3 17. gxf3 f6 18. Qe2 g5 19. Bxe5 fxe5 20. Rfe1 Bg7 21.
Qe3 h6 22. Qd3 O-O 23. Qg6 Rf6 24. Qh5 Raf8 25. Qg4 Kh8 26. Re3 e4 27. Rbe1 Qe5
28. fxe4 Rxf2 29. Qg3 Qf6 30. Qh3 g4 31. e5 Qf5 32. Qg3 Rf1+ 33. Kg2 Rxe1 34.
Qxe1 Qxc2+ 35. Re2 Qd3 36. Re3 Qa6 37. Qd2 Qf1+ 38. Kg3 Qh3# 0-1

[Event "2016 Alberta Open"]
[Site "Calgary"]
[Date "2016.10.08"]
[Round "2.1"]
[White "Nguyen, Kim"]
[Black "Yam, Alex"]
[Result "0-1"]
[WhiteElo "2109"]
[BlackElo "2378"]
[PlyCount "68"]
[EventDate "2016.10.08"]
[EventType "swiss"]
[EventRounds "6"]
[EventCountry "CAN"]

1. Nf3 Nf6 2. g3 d5 3. Bg2 g6 4. b4 a5 5. b5 c5 6. d3 Bg7 7. Bb2 O-O 8. O-O a4
9. c4 e6 10. a3 Nbd7 11. Nbd2 d4 12. Re1 e5 13. Qc2 Ne8 14. Rad1 Nc7 15. Bc1 f5
16. e3 Kh8 17. Nf1 Ne6 18. Bd2 Re8 19. h4 h6 20. Bc1 g5 21. hxg5 hxg5 22. Bb2
Ra7 23. Qe2 b6 24. exd4 cxd4 25. Bc1 Rf8 26. Nxd4 exd4 27. Qxe6 Ne5 28. Qd5 Rd7
29. Qa8 f4 30. Qxa4 f3 31. Bh3 g4 32. Rxe5 Bxe5 33. Re1 Bc7 34. Bxg4 Rh7 0-1

[Event "2016 Alberta Open"]
[Site "Calgary"]
[Date "2016.10.08"]
[Round "2.2"]
[White "Valencia, Belsar"]
[Black "Ebrahim-Shirazi, Behrooz"]
[Result "1-0"]
[WhiteElo "2350"]
[BlackElo "2091"]
[PlyCount "67"]
[EventDate "2016.10.08"]
[EventType "swiss"]
[EventRounds "6"]
[EventCountry "CAN"]

1. c4 e5 2. Nc3 Nf6 3. Nf3 d6 4. g3 g6 5. Bg2 Bg7 6. O-O O-O 7. d4 Nbd7 8. h3
Re8 9. d5 a5 10. e4 Nc5 11. Ne1 Rf8 12. Bg5 h6 13. Be3 Ne8 14. Qd2 Kh7 15. Nd3
Nxd3 16. Qxd3 b6 17. Rae1 Nf6 18. b3 Nd7 19. f4 exf4 20. gxf4 Nc5 21. Qd2 Qh4
22. Bf2 Qh5 23. Re3 g5 24. Ne2 gxf4 25. Nxf4 Qe5 26. Nd3 Qh5 27. Rg3 Nxd3 28.
Qxd3 f5 29. Bd4 Rg8 30. Bxg7 Rxg7 31. Rxg7+ Kxg7 32. exf5 Bd7 33. f6+ Kg8 34.
Rf3 1-0

[Event "2016 Alberta Open"]
[Site "Calgary"]
[Date "2016.10.08"]
[Round "2.3"]
[White "Kostadinov, Georgi"]
[Black "Pechenkin, Vladimir"]
[Result "1/2-1/2"]
[WhiteElo "2033"]
[BlackElo "2339"]
[PlyCount "41"]
[EventDate "2016.10.08"]
[EventType "swiss"]
[EventRounds "6"]
[EventCountry "CAN"]

1. d4 f5 2. c4 Nf6 3. Nc3 d6 4. Nf3 g6 5. g3 Bg7 6. Bg2 O-O 7. O-O Nc6 8. d5
Na5 9. Nd2 c5 10. Rb1 e6 11. a3 exd5 12. Nxd5 Nc6 13. b4 cxb4 14. axb4 Nxd5 15.
Bxd5+ Kh8 16. Nf3 Ne7 17. Bf4 h6 18. h4 Re8 19. Bf7 Rf8 20. Bd5 Re8 21. Bf7
1/2-1/2

[Event "2016 Alberta Open"]
[Site "Calgary"]
[Date "2016.10.08"]
[Round "2.4"]
[White "Haessel, Dale"]
[Black "Daniluk, Jim"]
[Result "1-0"]
[WhiteElo "2326"]
[BlackElo "1986"]
[PlyCount "45"]
[EventDate "2016.10.08"]
[EventType "swiss"]
[EventRounds "6"]
[EventCountry "CAN"]

1. d4 d5 2. c4 e6 3. Nc3 Be7 4. cxd5 exd5 5. Bf4 c6 6. Qc2 Nf6 7. e3 O-O 8. Bd3
b5 9. Nf3 h6 10. O-O Nh5 11. Be5 f6 12. Bxb8 Rxb8 13. Bg6 Bg4 14. h3 Bxh3 15.
gxh3 Qd7 16. Bxh5 Qxh3 17. Qg6 f5 18. Ne2 Rf6 19. Qxf6 Qxh5 20. Qxe7 Qxf3 21.
Nf4 Rf8 22. Rfc1 Rf6 23. Rxc6 1-0

[Event "2016 Alberta Open"]
[Site "Calgary"]
[Date "2016.10.08"]
[Round "2.5"]
[White "Razzaq, Ali"]
[Black "Kazmaier, Daniel"]
[Result "0-1"]
[WhiteElo "1943"]
[BlackElo "2286"]
[PlyCount "60"]
[EventDate "2016.10.08"]
[EventType "swiss"]
[EventRounds "6"]
[EventCountry "CAN"]

1. d4 f5 2. Nf3 Nf6 3. Bf4 g6 4. e3 Bg7 5. Be2 O-O 6. c4 d6 7. Qb3 c5 8. Nc3
cxd4 9. exd4 Nh5 10. Bg5 h6 11. Bd2 e5 12. c5+ Kh7 13. dxe5 dxe5 14. Nb5 Nd7
15. Rc1 a6 16. Qa3 e4 17. Ng1 Ne5 18. Nd6 Qe7 19. Qe3 Nf6 20. Nh3 Nd5 21. Qb3
Nd3+ 22. Kd1 Nxc1 23. Kxc1 Qe5 24. Bc4 Be6 25. Qc2 e3 26. fxe3 Nxe3 27. Bxe3
Qxe3+ 28. Kb1 Qxc5 29. Nf4 Bxc4 30. Nxc4 Rfc8 0-1

[Event "2016 Alberta Open"]
[Site "Calgary"]
[Date "2016.10.08"]
[Round "2.6"]
[White "Gardner, Robert"]
[Black "Nechio, Douglas"]
[Result "1-0"]
[WhiteElo "2264"]
[BlackElo "1942"]
[PlyCount "67"]
[EventDate "2016.10.08"]
[EventType "swiss"]
[EventRounds "6"]
[EventCountry "CAN"]

1. d4 Nf6 2. c4 c5 3. d5 b5 4. f3 g6 5. e4 d6 6. cxb5 Bg7 7. Nc3 a6 8. Be3 Qa5
9. Qd2 axb5 10. Bxb5+ Bd7 11. Bd3 Na6 12. Nge2 Qb4 13. a3 Qb7 14. O-O O-O 15.
Bc4 Rfb8 16. b3 Be8 17. h3 Nd7 18. f4 Nc7 19. a4 Qb4 20. Rab1 Qa5 21. Nb5 Qxd2
22. Bxd2 Na6 23. Bc3 Nf6 24. Ng3 h5 25. e5 Nd7 26. exd6 Bxc3 27. Nxc3 exd6 28.
Nb5 Nf6 29. Nxd6 Nc7 30. Rbd1 h4 31. Nge4 Nxe4 32. Nxe4 Bxa4 33. bxa4 Rxa4 34.
Rc1 1-0

[Event "2016 Alberta Open"]
[Site "Calgary"]
[Date "2016.10.08"]
[Round "2.7"]
[White "Harris, Adam"]
[Black "Findlay, Ian"]
[Result "0-1"]
[WhiteElo "1902"]
[BlackElo "2254"]
[PlyCount "114"]
[EventDate "2016.10.08"]
[EventType "swiss"]
[EventRounds "6"]
[EventCountry "CAN"]

1. e4 c5 2. Nf3 d6 3. d4 cxd4 4. Nxd4 Nf6 5. Nc3 g6 6. Be2 Bg7 7. O-O Nc6 8.
Nf3 O-O 9. h3 a6 10. Re1 b5 11. Bf1 Bb7 12. Bg5 h6 13. Be3 Rc8 14. a3 Na5 15.
Bd2 Nc4 16. Bxc4 Rxc4 17. b3 Rc5 18. Rc1 Qc7 19. Nd5 Bxd5 20. exd5 Nxd5 21. Be3
Nxe3 22. Rxe3 Rc8 23. Qe2 e6 24. Ne1 d5 25. a4 bxa4 26. bxa4 Rc4 27. Rb3 Rxa4
28. Rcb1 Qc4 29. Qe3 Qf4 30. Qe2 Qe4 31. Re3 Qc4 32. Qf3 Rb4 33. Reb3 Rxb3 34.
Rxb3 Qe4 35. Qd1 a5 36. Qb1 Qd4 37. Rb7 Qa1 38. Qxa1 Bxa1 39. Ra7 Bc3 40. Kf1
Bxe1 41. Kxe1 Rxc2 42. Rxa5 g5 43. g3 Kg7 44. Ra7 h5 45. Kf1 Rc4 46. Ke2 h4 47.
Kf3 Kg6 48. Ra8 Rc3+ 49. Kg2 hxg3 50. Rg8+ Kf5 51. fxg3 e5 52. g4+ Kf4 53. Rg7
Rc7 54. Rh7 e4 55. Rh6 d4 56. Rf6+ Ke3 57. Rf5 d3 0-1

[Event "2016 Alberta Open"]
[Site "Calgary"]
[Date "2016.10.08"]
[Round "2.9"]
[White "Papneja, Arul"]
[Black "Malek, Omid"]
[Result "0-1"]
[WhiteElo "1187"]
[BlackElo "2131"]
[PlyCount "54"]
[EventDate "2016.10.08"]
[EventType "swiss"]
[EventRounds "6"]
[EventCountry "CAN"]

1. e4 e6 2. b3 d5 3. Bb2 Nf6 4. e5 Nfd7 5. f4 Nc6 6. Qg4 Ne7 7. Bd3 Nc5 8. Be2
Nf5 9. Nc3 d4 10. Na4 Nxa4 11. bxa4 Bd7 12. a5 c5 13. a6 bxa6 14. Nf3 Rb8 15.
Rb1 Bb5 16. Bxb5+ Rxb5 17. O-O Qb6 18. Qh3 g6 19. g4 Nh6 20. Nh4 Qb7 21. f5
gxf5 22. gxf5 Rg8+ 23. Kf2 Qe4 24. fxe6 Ng4+ 25. Kg1 fxe6 26. Rbe1 Ne3+ 27. Kf2
Qg4 0-1

[Event "2016 Alberta Open"]
[Site "Calgary"]
[Date "2016.10.09"]
[Round "3.1"]
[White "Yam, Alex"]
[Black "Gardner, Robert"]
[Result "0-1"]
[WhiteElo "2378"]
[BlackElo "2264"]
[PlyCount "88"]
[EventDate "2016.10.08"]
[EventType "swiss"]
[EventRounds "6"]
[EventCountry "CAN"]

1. e4 c5 2. Nf3 Nc6 3. Bb5 Qc7 4. O-O a6 5. Bxc6 Qxc6 6. Nc3 e6 7. Re1 d6 8. d4
cxd4 9. Qxd4 Nf6 10. Bg5 Be7 11. Nd5 exd5 12. exd5 Qc7 13. Bxf6 gxf6 14. Qxf6
Rf8 15. Rxe7+ Qxe7 16. Re1 Be6 17. Qc3 Rc8 18. Qb3 Rc5 19. dxe6 Kd8 20. Qb6+
Kc8 21. Nd4 fxe6 22. Re3 Kb8 23. f4 Rxf4 24. Rxe6 Qf8 25. Nf3 Rxc2 26. Rxd6 Rc8
27. Rd7 Qc5+ 28. Qxc5 Rxc5 29. Rxh7 Rc2 30. Rg7 Rxb2 31. h4 Rxa2 32. h5 Rf6 33.
Ne5 Rf5 34. Nd7+ Ka7 35. g4 Rd5 36. Rf7 Rd1+ 37. Rf1 Rxd7 38. Rf2 Rxf2 39. Kxf2
a5 40. h6 a4 41. g5 a3 42. g6 a2 43. g7 a1=Q 44. g8=Q Rd2+ 0-1

[Event "2016 Alberta Open"]
[Site "Calgary"]
[Date "2016.10.09"]
[Round "3.2"]
[White "Findlay, Ian"]
[Black "Valencia, Belsar"]
[Result "0-1"]
[WhiteElo "2254"]
[BlackElo "2350"]
[PlyCount "68"]
[EventDate "2016.10.08"]
[EventType "swiss"]
[EventRounds "6"]
[EventCountry "CAN"]

1. e4 c5 2. Nf3 e6 3. d4 cxd4 4. Nxd4 Nc6 5. Nc3 a6 6. Be3 Qc7 7. Be2 Nf6 8.
O-O Be7 9. Kh1 O-O 10. f4 d6 11. Qe1 Bd7 12. Qg3 Kh8 13. Rae1 b5 14. a3 Rab8
15. Nb3 b4 16. axb4 Nxb4 17. Bd1 e5 18. fxe5 dxe5 19. Bg5 Ng8 20. Nd5 Nxd5 21.
exd5 Bd6 22. Qc3 Qxc3 23. bxc3 f6 24. Bd2 Rfc8 25. Be2 Bb5 26. Bxb5 axb5 27.
Ra1 Ra8 28. Na5 Rc5 29. c4 bxc4 30. Bb4 Rxd5 31. c3 Bxb4 32. cxb4 c3 33. Rfc1
Rb5 34. Rab1 c2 0-1

[Event "2016 Alberta Open"]
[Site "Calgary"]
[Date "2016.10.09"]
[Round "3.3"]
[White "Malek, Omid"]
[Black "Haessel, Dale"]
[Result "1-0"]
[WhiteElo "2131"]
[BlackElo "2326"]
[PlyCount "65"]
[EventDate "2016.10.08"]
[EventType "swiss"]
[EventRounds "6"]
[EventCountry "CAN"]

1. d4 Nf6 2. Bg5 d5 3. e3 c5 4. Bxf6 gxf6 5. dxc5 e6 6. Nf3 Bxc5 7. c4 dxc4 8.
Nbd2 Nc6 9. Bxc4 b6 10. a3 Bb7 11. b4 Be7 12. Qe2 Rg8 13. O-O a5 14. Bb5 Kf8
15. Bxc6 Bxc6 16. b5 Bb7 17. e4 Rc8 18. Qe3 Rc5 19. a4 f5 20. Rac1 fxe4 21.
Nxe4 Rxc1 22. Rxc1 Rg4 23. Ng3 Bc5 24. Qh6+ Kg8 25. Qh5 Rg6 26. Rf1 Qd5 27. Qh4
e5 28. Qh3 e4 29. Nh4 e3 30. fxe3 Bxe3+ 31. Kh1 Rg5 32. Nhf5 Qc5 33. Nh6+ 1-0

[Event "2016 Alberta Open"]
[Site "Calgary"]
[Date "2016.10.09"]
[Round "3.5"]
[White "Wang, Jeff"]
[Black "Kostadinov, Georgi"]
[Result "0-1"]
[WhiteElo "1886"]
[BlackElo "2033"]
[PlyCount "116"]
[EventDate "2016.10.08"]
[EventType "swiss"]
[EventRounds "6"]
[EventCountry "CAN"]

1. e4 c5 2. Nf3 d6 3. d4 cxd4 4. Nxd4 Nf6 5. Nc3 a6 6. Bg5 e6 7. f4 Nbd7 8. Qf3
Be7 9. O-O-O Qc7 10. g4 O-O 11. Bd3 b5 12. Qh3 Nc5 13. a3 Bb7 14. Rhe1 Rac8 15.
Kb1 Nxd3 16. Rxd3 b4 17. axb4 d5 18. Bxf6 Bxf6 19. e5 Be7 20. f5 Qb6 21. Na2
Rc4 22. c3 Ra8 23. Qh5 Bf8 24. Rh3 h6 25. Rf1 Bc8 26. Rhf3 exf5 27. gxf5 Ra7
28. e6 f6 29. Rg3 Kh8 30. Nc1 a5 31. b5 a4 32. Nc6 Rxc6 33. bxc6 Qxc6 34. Na2
Ba6 35. Rc1 Bb5 36. Nb4 Qa8 37. Qd1 Bc4 38. Qd2 a3 39. Rcg1 axb2 40. Qxb2 Ra3
41. Kc1 Bxb4 42. cxb4 Ra1+ 43. Kc2 Qa4+ 44. Kc3 Ra3+ 45. Kd2 Ra2 46. Qxa2 Qxa2+
47. Kc3 Qa3+ 48. Kc2 Qa4+ 49. Kc1 g5 50. h4 Kg7 51. Re1 Qa1+ 52. Kd2 Qb2+ 53.
Ke3 Qe5+ 54. Kf2 Qxf5+ 55. Kg1 Qf4 56. Ra3 Qg4+ 57. Kf2 Qxh4+ 58. Rg3 Qf4+ 0-1

[Event "2016 Alberta Open"]
[Site "Calgary"]
[Date "2016.10.09"]
[Round "3.6"]
[White "Ebrahim-Shirazi, Behrooz"]
[Black "Timmerman, Brian"]
[Result "1-0"]
[WhiteElo "2091"]
[BlackElo "1717"]
[PlyCount "57"]
[EventDate "2016.10.08"]
[EventType "swiss"]
[EventRounds "6"]
[EventCountry "CAN"]

1. d4 Nf6 2. c4 e6 3. Nc3 Bb4 4. e3 b6 5. Bd3 Bb7 6. Nf3 Ne4 7. O-O Bxc3 8.
bxc3 O-O 9. Ne1 f5 10. f3 Nf6 11. Qe2 d6 12. e4 fxe4 13. fxe4 e5 14. Nf3 Nbd7
15. Ba3 Re8 16. Nd2 c5 17. Bb2 Rc8 18. d5 Nf8 19. Bc2 Rc7 20. Ba4 Ree7 21. Nf3
Bc8 22. Nh4 Rf7 23. Nf5 Bxf5 24. exf5 N8d7 25. Rae1 Qf8 26. Bc1 Ne8 27. Bc2
Nef6 28. g4 h6 29. h4 1-0

[Event "2016 Alberta Open"]
[Site "Calgary"]
[Date "2016.10.09"]
[Round "3.7"]
[White "Daniluk, Jim"]
[Black "Zhao, Ian"]
[Result "1-0"]
[WhiteElo "1986"]
[BlackElo "1698"]
[PlyCount "71"]
[EventDate "2016.10.08"]
[EventType "swiss"]
[EventRounds "6"]
[EventCountry "CAN"]

1. d4 Nf6 2. Nf3 g6 3. c4 Bg7 4. Nc3 O-O 5. e4 d6 6. h3 e5 7. dxe5 dxe5 8. Qxd8
Rxd8 9. Bg5 Re8 10. O-O-O c6 11. Nxe5 Nxe4 12. Nxe4 Bxe5 13. Nf6+ Bxf6 14. Bxf6
Be6 15. Kb1 Nd7 16. Bd4 c5 17. Bc3 a5 18. g4 Nb6 19. b3 a4 20. Bg2 axb3 21.
axb3 Ra7 22. Rd6 Nc8 23. Rd2 Nb6 24. Rhd1 Ra3 25. Kb2 Ra7 26. Rd8 Ra8 27. Rxa8
Rxa8 28. Rd6 Nd7 29. Bxb7 Rb8 30. Bd5 Nb6 31. Kc2 Bxd5 32. cxd5 Kf8 33. Ba5 Nc8
34. Rd8+ Ke7 35. d6+ Kf6 36. d7 1-0